Operating systems : (Record no. 17590)
[ view plain ]
| 000 -LEADER | |
|---|---|
| fixed length control field | 01081nam a2200301 a 4500 |
| 001 - CONTROL NUMBER | |
| control field | 015822254 |
| 003 - CONTROL NUMBER IDENTIFIER | |
| control field | Uk |
| 005 - DATE AND TIME OF LATEST TRANSACTION | |
| control field | 20180121150428.0 |
| 008 - FIXED-LENGTH DATA ELEMENTS--GENERAL INFORMATION | |
| fixed length control field | 110527s2012 maua b 001 0 eng d |
| 020 ## - INTERNATIONAL STANDARD BOOK NUMBER | |
| International Standard Book Number | 9780273751502 |
| 020 ## - INTERNATIONAL STANDARD BOOK NUMBER | |
| International Standard Book Number | 0273751506 |
| 020 ## - INTERNATIONAL STANDARD BOOK NUMBER | |
| International Standard Book Number | 9780273751502 (pbk.) : |
| 020 ## - INTERNATIONAL STANDARD BOOK NUMBER | |
| International Standard Book Number | 0273751506 (pbk.) : |
| 082 04 - DEWEY DECIMAL CLASSIFICATION NUMBER | |
| Classification number | 005.43 |
| Edition number | 22 |
| Item number | STA |
| 100 1# - MAIN ENTRY--PERSONAL NAME | |
| Personal name | Stallings, William. |
| 9 (RLIN) | 33885 |
| 245 10 - TITLE STATEMENT | |
| Title | Operating systems : |
| Remainder of title | internals and design principles / |
| Statement of responsibility, etc | William Stallings ; international edition contributions by Goutam Kumar Paul. |
| 250 ## - EDITION STATEMENT | |
| Edition statement | 7th ed., International ed. |
| 260 ## - PUBLICATION, DISTRIBUTION, ETC. (IMPRINT) | |
| Place of publication, distribution, etc | Boston, [Mass.] ; |
| -- | London : |
| Name of publisher, distributor, etc | Pearson, |
| Date of publication, distribution, etc | c2012. |
| 300 ## - PHYSICAL DESCRIPTION | |
| Extent | 788 p. : |
| Other physical details | ill. ; |
| Dimensions | 23 cm. + |
| Accompanying material | 1 Internet access card. |
| 500 ## - GENERAL NOTE | |
| General note | Previous ed.: Upper Saddle River, N.J.: Pearson Prentice Hall, 2009. |
| 500 ## - GENERAL NOTE | |
| General note | Text on inside back cover. |
| 504 ## - BIBLIOGRAPHY, ETC. NOTE | |
| Bibliography, etc | Includes bibliographical references and index. |
| 650 #7 - SUBJECT ADDED ENTRY--TOPICAL TERM | |
| Topical term or geographic name as entry element | Operating systems (Computers) |
| 9 (RLIN) | 33886 |
| Source of heading or term | BUEsh |
| 651 ## - SUBJECT ADDED ENTRY--GEOGRAPHIC NAME | |
| Source of heading or term | BUEsh |
| 653 ## - INDEX TERM--UNCONTROLLED | |
| Arrived date list | September2013 |
| -- | January2018 |
| 700 1# - ADDED ENTRY--PERSONAL NAME | |
| Personal name | Paul, Goutam. |
| 9 (RLIN) | 33887 |
| 942 ## - ADDED ENTRY ELEMENTS (KOHA) | |
| Source of classification or shelving scheme | Dewey Decimal Classification |
| Item type | Book - Borrowing |
| Withdrawn status | Item status | Source of classification or shelving scheme | Damaged status | Not for loan | Vendor | Home library | Current library | Shelving location | Date acquired | Source of acquisition | Total Checkouts | Total Renewals | Full call number | Barcode | Date last seen | Date last borrowed | Koha item type |
|---|---|---|---|---|---|---|---|---|---|---|---|---|---|---|---|---|---|
| Dewey Decimal Classification | Baccah | Central Library | Central Library | Lower Floor | 01/10/2013 | 1 | 8 | 005.43 STA | 000029173 | 15/07/2025 | 03/11/2016 | Book - Borrowing | |||||
| Dewey Decimal Classification | Baccah | Central Library | Central Library | Lower Floor | 01/10/2013 | 1 | 10 | 005.43 STA | 000029174 | 15/07/2025 | 11/12/2021 | Book - Borrowing | |||||
| Dewey Decimal Classification | Baccah | Central Library | Central Library | Lower Floor | 01/10/2013 | 2 | 005.43 STA | 000029175 | 15/07/2025 | 11/12/2019 | Book - Borrowing | ||||||
| Dewey Decimal Classification | Central Library | Central Library | Lower Floor | 21/01/2018 | 005.43 STA | 000042722 | 15/07/2025 | Book - Borrowing |